Statistics for Top Onion Consuming Countries Per-Capita

Click here to take the quiz!

General Stats

  • This quiz has been taken 142 times
  • The average score is 8 of 20

Answer Stats

#kg.Answer% Correct
2018.86Spain
71%
1224.75Iran
65%
632.6Algeria
57%
1820.13Morocco
57%
242.95Niger
52%
1521.07Ukraine
50%
337.57Sudan
41%
1620.88Romania
40%
1919.88Oman
39%
1126.38United Arab Emirates
39%
1323.24Kuwait
37%
437.09Albania
36%
827.71South Korea
36%
1026.77Belarus
35%
535.21Senegal
33%
927.56Uzbekistan
32%
153.76Tajikistan
31%
730.73Kyrgyzstan
29%
1422.93North Macedonia
24%
1720.2Maldives
13%

Score Distribution

Percentile by Number Answered

Percent of People with Each Score

Your Score History

You have not taken this quiz